000 00315nam a22001457a 4500
008 231016b ||||| |||| 00| 0 eng d
020 _a0819551384
041 _aeng
080 _a316
082 _a316HYM
100 _a24
101 _aSOCIOLO
245 _aSURVEYING SOCIAL LIFE
_cHYMAN .H.H
942 _2udc
_cBK
999 _c60457
_d60457